Teach yourself-- Freelance Graphics 96 / (Record no. 179845)
[ view plain ]
| 000 -LEADER | |
|---|---|
| fixed length control field | 01257 a2200229 4500 |
| 003 - CONTROL NUMBER IDENTIFIER | |
| control field | NUST |
| 005 - DATE AND TIME OF LATEST TRANSACTION | |
| control field | 20221025182645.0 |
| 010 ## - LIBRARY OF CONGRESS CONTROL NUMBER | |
| LC control number | 95053877 |
| 020 ## - INTERNATIONAL STANDARD BOOK NUMBER | |
| International Standard Book Number | 1558283897 |
| 040 ## - CATALOGING SOURCE | |
| Transcribing agency | Nust |
| 082 00 - DEWEY DECIMAL CLASSIFICATION NUMBER | |
| Classification number | 006.6,WEI |
| 100 1# - MAIN ENTRY--PERSONAL NAME | |
| Personal name | Weingarten, Jan. |
| 9 (RLIN) | 101390 |
| 245 10 - TITLE STATEMENT | |
| Title | Teach yourself-- Freelance Graphics 96 / |
| Statement of responsibility, etc. | Jan Weingarten with Katherine MacDonald. |
| 246 30 - VARYING FORM OF TITLE | |
| Title proper/short title | Freelance Graphics 96 |
| 250 ## - EDITION STATEMENT | |
| Edition statement | 1st ed. |
| 260 ## - PUBLICATION, DISTRIBUTION, ETC. | |
| Place of publication, distribution, etc. | New York, NY : |
| Name of publisher, distributor, etc. | MIS:Press, |
| Date of publication, distribution, etc. | 1996. |
| 300 ## - PHYSICAL DESCRIPTION | |
| Extent | xx, 427 p. : |
| Other physical details | ill. (some col.) ; |
| Dimensions | 24 cm. |
| 505 ## - FORMATTED CONTENTS NOTE | |
| Formatted contents note | Jumpstart (Page-1), Getting to Know Freelance Graphics 96 (Page-37), Working With Smart Maters (Page-69), The ABCs of Text (Page-93), Text Properties –Making It All Look Pretty (Page-129), Working in Outliner View (Page-173), Working with Chart (Page-203), Working With Tables (Page-237), The Art of Objects (Page-257), Using Clip Art and Diagrams (Page-291), Working With Color (Page-315), Polishing up your Presentation (Page-331), Printing Your Presentation (Page-351), Creating a Screen Show (Page-369), Customizing Smart Masters (Page-387), Customizing Your workspace (Page-405). |
| 650 #0 - SUBJECT ADDED ENTRY--TOPICAL TERM | |
| Topical term or geographic name entry element | Presentation graphics software. |
| 9 (RLIN) | 99455 |
| 700 1# - ADDED ENTRY--PERSONAL NAME | |
| Personal name | MacDonald, Katherine. |
| 9 (RLIN) | 101391 |
| 942 ## - ADDED ENTRY ELEMENTS (KOHA) | |
| Source of classification or shelving scheme | |
| Koha item type | Book |
| Call number prefix | 006.6,WEI |
| Withdrawn status | Lost status | Source of classification or shelving scheme | Damaged status | Not for loan | Permanent Location | Current Location | Shelving location | Date acquired | Full call number | Barcode | Date last seen | Price effective from | Koha item type | Public note |
|---|---|---|---|---|---|---|---|---|---|---|---|---|---|---|
| Military College of Signals (MCS) | Military College of Signals (MCS) | General Stacks | 12/12/2016 | 006.6,WEI | MCS26620 | 12/08/2016 | 12/12/2016 | Book | Almirah No.7, Shelf No.5 |
